00397nam a2200133 u 450000100100000000500170001000800410002704000250006808200160009310000360010924500480014526000490019330000210024200003615020200930074923.0111220s1961 xxu r 000 0 spa d aDO-SdBNPbspacBNPHU axxxxbxxxxx1 aFitzgerald, F. Scottd1896-194010aTender is the night /cF. Scott Fitzgerald. aNew York :bbCharles Scribner's sons,c1961. a349 p. ;c23 cm.